| 000 | 00549nam a2200181 4500 | ||
|---|---|---|---|
| 001 | 143163 | ||
| 003 | ES-MaACL | ||
| 005 | 20250915063055.0 | ||
| 007 | t| | ||
| 008 | 070214s1952 sp r ||||1| spa d | ||
| 100 | 1 |
_aSerrano, Eugenia, _d1922-1991 _9105692 |
|
| 245 | 1 | 0 |
_aPerdimos la primavera _b: novela / _cde Eugenia Serrano y Balañá. |
| 250 | _a[1ª ed.]. | ||
| 260 |
_aBarcelona : _bJosé Janés, _c1952 ( _fTip. La Académica) |
||
| 300 |
_a317 p. ; _c19 cm. |
||
| 852 |
_aES-MaACL _jD-8349 _bR.33007 |
||
| 999 |
_c143163 _d143163 |
||